000 00453nam a2200145Ia 4500
008 151213s9999 xx 000 0 und d
100 _aআবুল হাসান।
245 _aপৃথক পালঙ্ক।
_cআবুল হাসান।
260 _aঢাকা।
_bসন্ধানী।
_c1975
300 _a8659 p.
650 _aBangla
650 _aিগল্প।
700 _aআবুল হাসান।
999 _c4445
_d4445